000 00825nam a22002297a 4500
999 _c20587
_d20587
003 AR-CdUCM
008 190531b ||||| |||| 00| 0 spa d
040 _aMUNICIPALIDAD PROVINCIAL DEL CUSCO
_cBIBLIOTECA MUNICIPAL DEL CUSCO
041 _heng
082 _22ed
_a129.42 /
_bM342
100 _aMaritain, Jacques
_92421
245 _aFilosofía de la historia /
260 _aBuenos Aires :
_bEds. Troquel,
_c1960.
300 _a154 páginas ;
_c20 cm.
505 _aContenido: La filosofía de la historia en general -- Formulas axiomáticas o leyes funcionales -- Formulas tipologicas o leyes vectoriales...
650 _aHistoria
_9136
650 _aFilosofía
_9395
650 _aAxiomática
_943034
700 _aGarcia Venturini, Jorge I. (traducción)
_943035
942 _2ddc
_cLIBROS
945 _adavv
_d2019-05-31